Las aventuras de Tom Sawyer
Salvato in:
| Autore principale: | |
|---|---|
| Natura: | Libro |
| Lingua: | spagnolo |
| Pubblicazione: |
Madrid
Rodas
1974
|
| Serie: | Colección Juvenil Rodas, 11
|
| Soggetti: | |
| Tags: |
Aggiungi Tag
Nessun Tag, puoi essere il primo ad aggiungerne!!
|
MARC
| LEADER | 00000nam a2200000 a 4500 | ||
|---|---|---|---|
| 001 | UCX0144 | ||
| 003 | CL-VaPUC | ||
| 008 | 890818e19740000SP |||||||||||||||||spa|d | ||
| 082 | 0 | 4 | |a 813 |b TWA |2 21 |
| 100 | 0 | |a Twain, Mark |e author |9 243 | |
| 245 | 1 | 4 | |a Las aventuras de Tom Sawyer |
| 300 | |a 192 p | ||
| 942 | |c BK | ||
| 945 | |d 19890818 00:00:00 | ||
| 260 | |a Madrid |b Rodas |c 1974 | ||
| 650 | 0 | |a Novelas estadounidenses |9 265217 | |
| 583 | |a last modification |c 19890818 00:00:00 |k Rodrigo Vera | ||
| 490 | 0 | |a Colección Juvenil Rodas, 11 | |
| 999 | |c 221856 |d 221854 | ||
| 952 | |0 0 |1 0 |4 0 |6 813_000000000000000_TWA_1974 |7 0 |8 A |9 215842 |a BIBEDU |b BIBEDU |d 2019-11-15 |i 2843781 |l 2 |o 813 TWA 1974 |p 2843781 |r 2023-09-27 |s 2023-09-20 |w 2019-11-15 |y BK |k LIT | ||